Normal view
MARC view
Entry Personal Name
001 - CONTROL NUMBER
- control field: 52208
003 - CONTROL NUMBER IDENTIFIER
- control field: OSt
005 - DATE AND TIME OF LATEST TRANSACTION
- control field: 20160413151134.0
008 - FIXED-LENGTH DATA ELEMENTS
- fixed length control field: 160413|| aca||aabn | a|a d
040 ## - CATALOGING SOURCE
- Original cataloging agency: OSt
- Transcribing agency: OSt
100 ## - HEADING--PERSONAL NAME
- Personal name: बघेल वैध सुरेन्द्र नाथ
670 ## - SOURCE DATA FOUND
- Source citation: Work cat.: (OSt)10371: बघेल वैध सुरेन्द्र नाथ , प्राकृतिक चिकित्सा , 2005









